Pokémon by Picture - Statistics

General Stats
  • This quiz has been taken 67 times
  • The average score is 14 of 15
Answer Stats
Picture Answer % Correct
Charizard
100%
Pikachu
100%
Mew
98%
Mewtwo
98%
Eevee
95%
Squirtle
93%
Bulbasaur
91%
Pichu
91%
Charmander
89%
Flareon
89%
Gengar
89%
Vaporeon
85%
Jolteon
84%
Rowlet
76%
Munchlax
73%
No matching quizzes found
Score Distribution
Percent of People with Each Score
Percentile by Number Answered
Your Score History
You have not taken this quiz